00481 a2200133 4500001001000000005001700010008004100027245013300068100002700201700002100228700002200249773005900271999001700330ART_6363520260410161816.0260409a 10aLa inteligencia artificial (IA) en la enseñanza del derecho. Memoria del II conversatorio sobre innovación en la enseñanza1 aAlí Pini, Cecilia V.1 aMarotta, Julieta1 aParise, Agustín0 tAcademiag- Año 22, N° 44 (jul./dic. 2024)wREV4314 c21927d21927